[Event "St Louis Inv IM 2017"]
[Site "Saint Louis USA"]
[Date "2017.11.19"]
[Round "5.2"]
[White "Wang, Justin"]
[Black "Grabinsky, Aaron"]
[Result "1-0"]
[WhiteElo "2254"]
[BlackElo "2362"]
[WhiteFideId "30911370"]
[BlackFideId "2087090"]
[EventDate "2017.11.17"]

1. e4 c6 2. d4 d5 3. Nc3 dxe4 4. Nxe4 Nd7 5. Nf3 Ngf6 6. Nxf6+ Nxf6 7. c3 Bf5 8.
Ne5 e6 9. g4 Be4 10. f3 Bg6 11. h4 h5 12. Nxg6 fxg6 13. g5 Nd5 14. Qc2 Ne7 15.
Bc4 Qd6 16. Qe4 Nd5 17. Qxg6+ Kd7 18. Kf2 Re8 19. Bd2 e5 20. Qxd6+ Bxd6 21. Rae1
exd4 22. cxd4 Rhf8 23. Bd3 Bf4 24. Rxe8 Kxe8 25. Bxf4 Nxf4 26. Re1+ Kd7 27. Bf1
Kd6 28. Re4 Ne6 29. Bc4 Nc7 30. Kg3 b5 31. Bb3 a5 32. Rf4 Re8 33. Kf2 a4 34. Bf7
Rf8 35. Kg3 Rh8 36. Re4 b4 37. f4 Rf8 38. Bxh5 a3 39. bxa3 bxa3 40. Be2 Rb8 41.
h5 Nd5 42. Bc4 Rb1 43. Bxd5 cxd5 44. Re3 Rd1 45. Rxa3 Rxd4 46. h6 gxh6 47. gxh6
Rd1 48. Kg4 Ke6 49. h7 Rh1 50. Rh3 Rg1+ 51. Kf3 1-0

[Event "St Louis Inv IM 2017"]
[Site "Saint Louis USA"]
[Date "2017.11.19"]
[Round "5.3"]
[White "Wang, Annie"]
[Black "Neimer, Vitaly"]
[Result "0-1"]
[WhiteTitle "WIM"]
[BlackTitle "IM"]
[WhiteElo "2295"]
[BlackElo "2346"]
[WhiteFideId "2053900"]
[BlackFideId "2807017"]
[EventDate "2017.11.17"]

1. d4 Nf6 2. c4 e6 3. Nc3 Bb4 4. Qc2 O-O 5. a3 Bxc3+ 6. Qxc3 d5 7. e3 b6 8. Bd3
Ba6 9. Ne2 c5 10. dxc5 dxc4 11. Bc2 Nc6 12. cxb6 Qxb6 13. e4 Rab8 14. Rb1 Rfd8
15. Be3 Qb5 16. f3 e5 17. O-O Ne8 18. Rfe1 Nc7 19. Bf2 Ne6 20. Qe3 Ncd4 21. Bd1
Nc5 22. Nc3 Qa5 23. Rf1 Nd3 24. Be1 Nxb2 25. Nd5 Nxd1 26. Rxd1 Qc5 27. Rf2 Rb3
28. Qg5 Rxd5 29. exd5 Qxd5 30. Qc1 h6 31. Bc3 Qc5 32. Qe3 Rxc3 33. Qe4 Rxa3 34.
f4 c3 35. Kh1 c2 36. Rc1 Ra1 37. Qe1 Rxc1 38. Qxc1 Ne2 0-1

[Event "St Louis Inv IM 2017"]
[Site "Saint Louis USA"]
[Date "2017.11.19"]
[Round "5.4"]
[White "Hua, Lefong"]
[Black "Foisor, Sabina-Francesca"]
[Result "1/2-1/2"]
[WhiteTitle "FM"]
[BlackTitle "WGM"]
[WhiteElo "2310"]
[BlackElo "2369"]
[WhiteFideId "2602253"]
[BlackFideId "1212915"]
[EventDate "2017.11.17"]

1. d4 d5 2. c4 e6 3. Nc3 Nf6 4. cxd5 exd5 5. Bg5 c6 6. e3 Be7 7. Bd3 Nbd7 8. Qc2
h6 9. Bh4 Nh5 10. Bxe7 Qxe7 11. Nge2 Nb6 12. h3 Be6 13. O-O-O O-O-O 14. Kb1 Kb8
15. Rc1 g6 16. Na4 Nxa4 17. Qxa4 Ng7 18. Qc2 1/2-1/2

[Event "St Louis Inv IM 2017"]
[Site "Saint Louis USA"]
[Date "2017.11.19"]
[Round "5.5"]
[White "Torres Rosas, Luis Carlos"]
[Black "Yip, Carissa"]
[Result "1-0"]
[WhiteTitle "IM"]
[BlackTitle "FM"]
[WhiteElo "2353"]
[BlackElo "2311"]
[WhiteFideId "5111080"]
[BlackFideId "2090732"]
[EventDate "2017.11.17"]

1. d4 d5 2. c4 e6 3. Nc3 Bb4 4. a3 Bxc3+ 5. bxc3 Nf6 6. e3 c5 7. cxd5 exd5 8.
Bd3 O-O 9. Ne2 Nc6 10. O-O b6 11. Ng3 Bb7 12. f3 Re8 13. Ra2 Qc7 14. Re2 Rad8
15. Bb2 Rd7 16. Qe1 Qb8 17. Kh1 Kh8 18. Qf2 Red8 19. Rd1 Bc8 20. Ree1 Qc7 21.
Bb1 Rd6 22. h3 Be6 23. e4 dxe4 24. fxe4 Bb3 25. Rc1 R6d7 26. e5 Ng8 27. Ne4 h6
28. Nd6 Na5 29. c4 cxd4 30. Qxd4 Nc6 31. Qd3 1-0

[Event "St Louis Inv IM 2017"]
[Site "Saint Louis USA"]
[Date "2017.11.20"]
[Round "6.1"]
[White "Larson, Matthew"]
[Black "Yip, Carissa"]
[Result "0-1"]
[WhiteTitle "FM"]
[BlackTitle "FM"]
[WhiteElo "2392"]
[BlackElo "2311"]
[WhiteFideId "2077990"]
[BlackFideId "2090732"]
[EventDate "2017.11.17"]

1. d4 Nf6 2. c4 e6 3. Nc3 Bb4 4. f3 c5 5. d5 d6 6. e4 b5 7. Ne2 bxc4 8. Nf4
Bxc3+ 9. bxc3 e5 10. Ne2 Nbd7 11. Qa4 O-O 12. Qxc4 Nb6 13. Qd3 Nh5 14. g4 Qh4+
15. Kd1 Nf4 16. Nxf4 exf4 17. Bxf4 Qf6 18. Bd2 Rb8 19. Rb1 Ba6 20. Qxa6 Qxf3+
21. Qe2 Qxh1 22. Kc2 Na4 23. Rb3 c4 24. Rb4 Rxb4 25. cxb4 Rb8 26. a3 a5 27. Kc1
axb4 28. Bxb4 Qg1 29. Kc2 Rc8 30. e5 dxe5 31. d6 Qd4 32. d7 Qxd7 33. Qxe5 Rd8
34. Qe2 Qd4 35. Kb1 Qd1+ 36. Ka2 Qb3+ 0-1

[Event "St Louis Inv IM 2017"]
[Site "Saint Louis USA"]
[Date "2017.11.20"]
[Round "6.2"]
[White "Foisor, Sabina-Francesca"]
[Black "Torres Rosas, Luis Carlos"]
[Result "1/2-1/2"]
[WhiteTitle "WGM"]
[BlackTitle "IM"]
[WhiteElo "2369"]
[BlackElo "2353"]
[WhiteFideId "1212915"]
[BlackFideId "5111080"]
[EventDate "2017.11.17"]

1. d4 Nf6 2. Nf3 g6 3. g3 Bg7 4. Bg2 O-O 5. c4 d6 6. Nc3 Nc6 7. O-O Bg4 8. d5
Na5 9. Nd2 c5 10. h3 Bd7 11. Qc2 a6 12. b3 b5 13. Bb2 bxc4 14. bxc4 Rb8 15. Rab1
Qc8 16. Kh2 Qc7 17. e4 Rb4 18. Ba3 Rxb1 19. Rxb1 Rb8 20. Rxb8+ Qxb8 21. e5 Ne8
22. exd6 exd6 23. Nce4 Qb6 24. Nf1 Nb7 25. Ne3 Qa5 26. Qb3 Qc7 27. Bb2 Na5 28.
Qc2 Qb6 29. Bxg7 Kxg7 30. g4 h6 31. f4 Qb4 32. Qc1 Kf8 33. f5 g5 34. Qa1 Ke7 35.
Qh8 Qe1 36. Nf1 Nxc4 37. Qxh6 f6 38. Qh7+ Kd8 39. Qh8 Qa1 40. h4 gxh4 41. Qxh4
Qe5+ 42. Qg3 Qxg3+ 43. Kxg3 Ke7 44. Kf4 Nc7 45. Nf2 Be8 46. Nd1 Bf7 47. Nfe3 Nb6
48. Nc3 Nb5 49. Ned1 Nc7 50. Ne3 Nb5 51. Ned1 Nc7 52. Ke4 1/2-1/2

[Event "St Louis Inv IM 2017"]
[Site "Saint Louis USA"]
[Date "2017.11.20"]
[Round "6.3"]
[White "Neimer, Vitaly"]
[Black "Hua, Lefong"]
[Result "1/2-1/2"]
[WhiteTitle "IM"]
[BlackTitle "FM"]
[WhiteElo "2346"]
[BlackElo "2310"]
[WhiteFideId "2807017"]
[BlackFideId "2602253"]
[EventDate "2017.11.17"]

1. e4 c5 2. Nf3 g6 3. d4 cxd4 4. Qxd4 Nf6 5. Nc3 Nc6 6. Qa4 d6 7. e5 dxe5 8.
Nxe5 Bd7 9. Nxd7 Qxd7 10. Be3 Bg7 11. Rd1 Qf5 12. Bb5 O-O 13. Bxc6 bxc6 14. Qxc6
Rfc8 15. Qa4 Rab8 16. O-O Rxb2 17. Rd3 a5 18. Rfd1 h5 19. h3 1/2-1/2

[Event "St Louis Inv IM 2017"]
[Site "Saint Louis USA"]
[Date "2017.11.20"]
[Round "6.4"]
[White "Grabinsky, Aaron"]
[Black "Wang, Annie"]
[Result "1/2-1/2"]
[BlackTitle "WIM"]
[WhiteElo "2362"]
[BlackElo "2295"]
[WhiteFideId "2087090"]
[BlackFideId "2053900"]
[EventDate "2017.11.17"]

1. b3 e5 2. Bb2 Nc6 3. Nf3 d6 4. d4 e4 5. Nfd2 d5 6. e3 Nf6 7. Be2 Be7 8. c4 Be6
9. cxd5 Bxd5 10. Nc3 O-O 11. a3 Nb8 12. Qc2 c6 13. Ndxe4 Nxe4 14. Nxe4 f5 15.
Ng3 f4 16. Nf5 Bxg2 17. Rg1 Qa5+ 18. Bc3 Qxf5 19. Qxf5 Rxf5 20. Rxg2 fxe3 21.
fxe3 Rg5 22. Rf2 Nd7 23. Bc4+ Kh8 24. Rf7 Re8 25. Ke2 Nf6 26. Rf1 b5 27. Be6 Bd6
28. Bd7 Nxd7 29. Rxd7 Bxh2 30. Rff7 Rg8 31. Rxa7 h5 32. Be1 Kh7 33. e4 Rg4 34.
Kf3 Re8 35. e5 Bg1 36. Bc3 Bxd4 37. Bxd4 Rxd4 38. Rxg7+ Kh6 39. Rh7+ Kg5 40.
Rag7+ Kh4 41. Rg1 Rxe5 42. Rh1+ Kg5 43. R1xh5+ Kg6 44. R7h6+ Kg7 45. Rxe5 Kxh6
46. Re6+ Kg7 47. Ke3 Rh4 48. b4 Rc4 49. Kd3 Kf7 50. Re5 Kf6 51. Re8 Kf7 52. Re1
Kf6 53. Ra1 Ke6 54. a4 Kd7 55. a5 Kc7 56. a6 Kb8 57. a7+ Ka8 58. Ra6 Rxb4 59.
Rxc6 Kxa7 60. Kc3 Rh4 61. Kb3 Kb7 62. Rg6 Rc4 63. Rf6 Rh4 1/2-1/2

[Event "St Louis Inv IM 2017"]
[Site "Saint Louis USA"]
[Date "2017.11.20"]
[Round "6.5"]
[White "Arias Santana, Mauricio"]
[Black "Wang, Justin"]
[Result "1/2-1/2"]
[WhiteTitle "IM"]
[WhiteElo "2308"]
[BlackElo "2254"]
[WhiteFideId "6500366"]
[BlackFideId "30911370"]
[EventDate "2017.11.17"]

1. e4 e5 2. Nf3 Nc6 3. Bb5 a6 4. Ba4 Nf6 5. Bxc6 dxc6 6. d3 Bd6 7. Nbd2 O-O 8.
O-O c5 9. Nc4 Nd7 10. Bg5 f6 11. Bd2 Nb8 12. Nh4 Nc6 13. Nf5 Bxf5 14. exf5 Nd4
15. Ne3 Kh8 16. Qg4 Qd7 17. c3 Nc6 18. Qe4 Rfd8 19. Rad1 b5 20. Kh1 Bf8 21. Bc1
Ne7 22. g3 Rab8 23. g4 Rb6 24. f4 exf4 25. Ng2 g5 26. fxg6 Nxg6 27. Nxf4 Nxf4
28. Bxf4 Re6 29. Qf3 Rde8 30. Rd2 Bg7 31. Kg2 c6 32. Rff2 Qe7 33. a3 a5 34. h3
Kg8 35. Rc2 a4 36. Kh2 Qd7 37. Kg2 R8e7 38. Rfe2 Qe8 39. Kf2 Bf8 40. Rxe6 Rxe6
41. Re2 Kf7 42. Rxe6 Qxe6 43. Qe4 Qxe4 44. dxe4 c4 45. Kf3 Ke6 46. h4 Bg7 1/2-1/2

[Event "St Louis Inv IM 2017"]
[Site "Saint Louis USA"]
[Date "2017.11.20"]
[Round "7.1"]
[White "Wang, Justin"]
[Black "Larson, Matthew"]
[Result "0-1"]
[BlackTitle "FM"]
[WhiteElo "2254"]
[BlackElo "2392"]
[WhiteFideId "30911370"]
[BlackFideId "2077990"]
[EventDate "2017.11.17"]

1. e4 c5 2. Nf3 d6 3. d4 cxd4 4. Nxd4 Nf6 5. Nc3 a6 6. Be3 e5 7. Nb3 Be6 8. f3
Be7 9. Qd2 O-O 10. O-O-O Nbd7 11. g4 b5 12. g5 b4 13. Na4 Nh5 14. Qxb4 d5 15.
Qa5 Bxg5 16. Bxg5 Qxg5+ 17. Kb1 dxe4 18. Nd4 Qf6 19. Nxe6 Qxe6 20. fxe4 Nf4 21.
Qc7 Nf6 22. Nc5 Qe8 23. Nd7 Nxd7 24. Qxd7 Qb8 25. Qd6 a5 26. Qxb8 Raxb8 27. Bc4
Rfc8 28. Bb3 Rc7 29. Rd2 Kf8 30. c3 Ke7 31. Rhd1 g6 32. Rd6 h5 33. Ra6 Rb5 34.
h4 Rcb7 35. Rd2 f6 36. Rc6 g5 37. hxg5 fxg5 38. Rc8 g4 39. Rg8 R5b6 40. Rdd8 Ng6
41. Rd2 g3 42. c4 Kf7 43. Rgd8 h4 44. R8d3 Nf4 45. Rf3 Rg6 46. c5+ Ke7 47. c6
Rc7 48. Rf1 g2 49. Rg1 h3 0-1

[Event "St Louis Inv IM 2017"]
[Site "Saint Louis USA"]
[Date "2017.11.20"]
[Round "7.2"]
[White "Wang, Annie"]
[Black "Arias Santana, Mauricio"]
[Result "1-0"]
[WhiteTitle "WIM"]
[BlackTitle "IM"]
[WhiteElo "2295"]
[BlackElo "2308"]
[WhiteFideId "2053900"]
[BlackFideId "6500366"]
[EventDate "2017.11.17"]

1. d4 d5 2. c4 e6 3. Nc3 Be7 4. Nf3 Nf6 5. Bg5 O-O 6. e3 h6 7. Bh4 Ne4 8. Bxe7
Qxe7 9. Qc2 Nxc3 10. Qxc3 c6 11. Bd3 dxc4 12. Bxc4 Nd7 13. O-O b6 14. b4 Bb7 15.
Be2 Rfc8 16. Qb2 Rab8 17. Rab1 c5 18. dxc5 bxc5 19. b5 c4 20. a4 Rc5 21. Qa3
Rbc8 22. Rbc1 Qf6 23. Rc3 Qg6 24. Rfc1 h5 25. Ne1 Rg5 26. f3 h4 27. h3 Ne5 28.
e4 Rg3 29. Qe7 Bxe4 30. fxe4 Qxe4 31. Kf1 Re3 32. Rxe3 Qxe3 33. Rd1 Qf4+ 34. Nf3
Nxf3 35. Bxf3 c3 36. Rd8+ Kh7 37. Rxc8 Qc1+ 38. Kf2 Qd2+ 39. Be2 Qf4+ 40. Kg1
Qe3+ 41. Kh1 Qc1+ 42. Bd1 Qxd1+ 43. Kh2 Qd4 44. Qc7 1-0

[Event "St Louis Inv IM 2017"]
[Site "Saint Louis USA"]
[Date "2017.11.20"]
[Round "7.3"]
[White "Hua, Lefong"]
[Black "Grabinsky, Aaron"]
[Result "1/2-1/2"]
[WhiteTitle "FM"]
[WhiteElo "2310"]
[BlackElo "2362"]
[WhiteFideId "2602253"]
[BlackFideId "2087090"]
[EventDate "2017.11.17"]

1. d4 e6 2. c4 Bb4+ 3. Nc3 Nf6 4. e3 c5 5. Ne2 cxd4 6. exd4 d5 7. a3 Be7 8. cxd5
Nxd5 9. Nxd5 Qxd5 10. Nc3 Qd8 11. Bc4 O-O 12. O-O a6 13. Be3 Bd6 14. Qh5 Nd7 15.
Bd3 Nf6 16. Qh4 Be7 17. Rad1 g6 18. Bg5 Nd5 19. Bxe7 Qxe7 20. Qxe7 Nxe7 21. Be4
Rb8 22. d5 Nf5 23. Bxf5 gxf5 24. f4 b5 25. dxe6 fxe6 26. Rd4 Kf7 27. Re1 Rb7 28.
Kf2 Rg8 29. g3 Rc7 30. Red1 Ke7 31. R1d2 Bb7 32. Re2 Kf7 33. Red2 Ke7 34. Re2
Rc5 35. Red2 Bc6 36. Na2 a5 37. b4 axb4 38. Nxb4 Be8 39. Rd6 h5 40. h4 Rc3 41.
R6d3 Rc1 42. Rd1 Rc4 43. Rd4 Rc3 44. R4d3 Rxd3 45. Rxd3 Bd7 46. Rc3 Kd6 47. Rd3+
Ke7 48. Rc3 Ra8 49. Ke3 Rd8 1/2-1/2

[Event "St Louis Inv IM 2017"]
[Site "Saint Louis USA"]
[Date "2017.11.20"]
[Round "7.4"]
[White "Torres Rosas, Luis Carlos"]
[Black "Neimer, Vitaly"]
[Result "1-0"]
[WhiteTitle "IM"]
[BlackTitle "IM"]
[WhiteElo "2353"]
[BlackElo "2346"]
[WhiteFideId "5111080"]
[BlackFideId "2807017"]
[EventDate "2017.11.17"]

1. d4 Nf6 2. c4 g6 3. Nc3 Bg7 4. e4 d6 5. Be2 O-O 6. Nf3 e5 7. O-O Nc6 8. d5 Ne7
9. Kh1 Nh5 10. g3 f5 11. exf5 Bxf5 12. Ng5 Nf6 13. g4 Bd7 14. Be3 c6 15. f3 cxd5
16. cxd5 Kh8 17. Qb3 Qa5 18. Rfd1 b5 19. a3 Rab8 20. Qb4 Qc7 21. Ne6 Bxe6 22.
dxe6 Qb7 23. Rxd6 Nfd5 24. Qe4 Nxe3 25. Qxe3 b4 26. Ne4 bxa3 27. Rxa3 Qb4 28.
Rxa7 Qe1+ 29. Kg2 Rxb2 30. Ng3 Nc8 31. e7 Rg8 32. Re6 Re8 33. Ra8 Rc2 34. Qd3
Qb1 35. Rxc8 1-0

[Event "St Louis Inv IM 2017"]
[Site "Saint Louis USA"]
[Date "2017.11.20"]
[Round "7.5"]
[White "Yip, Carissa"]
[Black "Foisor, Sabina-Francesca"]
[Result "0-1"]
[WhiteTitle "FM"]
[BlackTitle "WGM"]
[WhiteElo "2311"]
[BlackElo "2369"]
[WhiteFideId "2090732"]
[BlackFideId "1212915"]
[EventDate "2017.11.17"]

1. e4 e5 2. Nf3 Nc6 3. Bb5 a6 4. Ba4 Nf6 5. d3 d6 6. a3 Be7 7. O-O b5 8. Bb3 Na5
9. Ba2 c5 10. Nc3 O-O 11. Nd5 Ne8 12. Nxe7+ Qxe7 13. Bg5 Qc7 14. Nh4 Be6 15. Nf5
Nc6 16. c3 Bxa2 17. Rxa2 f6 18. Be3 Ne7 19. Ng3 d5 20. f4 d4 21. Bd2 Rd8 22.
cxd4 exd4 23. f5 Nc6 24. Nh5 Ne5 25. Nf4 Qf7 26. Ra1 Rc8 27. Rc1 Nd6 28. Be1
Rfe8 29. Bf2 a5 30. b4 axb4 31. axb4 c4 32. Bxd4 cxd3 33. Rxc8 Rxc8 34. Bxe5
fxe5 35. Qxd3 Nxe4 36. Qxe4 exf4 37. Qxf4 Rc4 38. Qd6 Qf6 39. Qd5+ Kf8 40. Rd1
Qb6+ 41. Kh1 Rc6 42. h3 h6 43. Re1 Rd6 44. Qe5 Kg8 45. Rc1 Kh7 46. Qc5 Qd8 47.
Qxb5 Rd1+ 48. Rxd1 Qxd1+ 49. Kh2 Qd6+ 50. g3 Qd2+ 51. Kg1 Qe3+ 52. Kg2 Qd2+ 53.
Kf3 Qc3+ 54. Kg4 Qd4+ 55. Kh5 Qd1+ 56. g4 Qd2 57. h4 Qd6 58. Qe8 Qxb4 59. f6
Qb5+ 60. Qxb5 g6# 0-1

[Event "St Louis Inv IM 2017"]
[Site "Saint Louis USA"]
[Date "2017.11.21"]
[Round "8.1"]
[White "Larson, Matthew"]
[Black "Foisor, Sabina-Francesca"]
[Result "1/2-1/2"]
[WhiteTitle "FM"]
[BlackTitle "WGM"]
[WhiteElo "2392"]
[BlackElo "2369"]
[WhiteFideId "2077990"]
[BlackFideId "1212915"]
[EventDate "2017.11.17"]

1. d4 d5 2. c4 e6 3. Nc3 Nf6 4. cxd5 exd5 5. Bg5 Nbd7 6. e3 Be7 7. Bd3 c6 8.
Nge2 h6 9. Bh4 Ne4 10. Bxe7 Qxe7 11. Bxe4 dxe4 12. Ng3 O-O 13. Ngxe4 f5 14. Nd2
f4 15. e4 Nf6 16. e5 Bf5 17. O-O Ne8 18. h3 Rd8 19. Nf3 Nc7 20. Qb3+ Nd5 21.
Rfe1 Kh8 22. Ne4 Nb6 23. Nc5 g5 24. e6 Rd5 25. Re5 g4 26. Rxd5 cxd5 27. hxg4
Bxg4 28. Ne5 Qg7 29. Qd3 Bf5 30. Qf3 Rf6 31. Re1 Bxe6 32. Nxe6 Rxe6 33. Qxf4 Rf6
34. Qh4 Qg5 35. Qxg5 hxg5 36. Rc1 Nc4 37. Nd3 b6 38. b3 Nd6 39. Rc7 Nb5 40. Rd7
Rd6 41. Rb7 a5 42. Ne5 Kg8 43. Nf3 g4 44. Ne5 Nxd4 45. Nxg4 Ne2+ 46. Kf1 Nc1 47.
Rd7 Rxd7 48. Nf6+ Kg7 49. Nxd7 b5 50. Nc5 Nxa2 51. Ke2 Kf6 52. f4 a4 53. bxa4
Nc3+ 54. Kd3 Nxa4 55. Nb3 Kf5 56. g3 Nb2+ 57. Kd4 Nc4 58. Kxd5 Ne3+ 59. Kc5 Kg4
60. Nd4 Kxg3 61. Ne6 Kg4 62. Kd4 Ng2 63. Kc5 1/2-1/2

[Event "St Louis Inv IM 2017"]
[Site "Saint Louis USA"]
[Date "2017.11.21"]
[Round "8.2"]
[White "Neimer, Vitaly"]
[Black "Yip, Carissa"]
[Result "1-0"]
[WhiteTitle "IM"]
[BlackTitle "FM"]
[WhiteElo "2346"]
[BlackElo "2311"]
[WhiteFideId "2807017"]
[BlackFideId "2090732"]
[EventDate "2017.11.17"]

1. c4 Nf6 2. Nc3 g6 3. g3 d5 4. cxd5 Nxd5 5. Bg2 Nb6 6. d3 Bg7 7. Be3 Nc6 8.
Bxc6+ bxc6 9. Qd2 h6 10. Rc1 Nd5 11. Nf3 Bh3 12. Rg1 e5 13. d4 exd4 14. Bxd4 O-O
15. Bxg7 Kxg7 16. Nxd5 cxd5 17. g4 f5 18. Nd4 Qf6 19. Rxc7+ Rf7 20. Rxf7+ Kxf7
21. Nxf5 Rc8 22. Nxh6+ Kg7 23. Rg3 Qh4 24. Qd4+ Kxh6 25. Qe3+ Kg7 26. Rxh3 Qxg4
27. Qe5+ Kf8 28. Rh8+ 1-0

[Event "St Louis Inv IM 2017"]
[Site "Saint Louis USA"]
[Date "2017.11.21"]
[Round "8.3"]
[White "Grabinsky, Aaron"]
[Black "Torres Rosas, Luis Carlos"]
[Result "0-1"]
[BlackTitle "IM"]
[WhiteElo "2362"]
[BlackElo "2353"]
[WhiteFideId "2087090"]
[BlackFideId "5111080"]
[EventDate "2017.11.17"]

1. b3 e5 2. Bb2 Nc6 3. e3 Nf6 4. Nf3 Bd6 5. d4 exd4 6. Nxd4 Nxd4 7. Qxd4 O-O 8.
Bd3 Re8 9. Nc3 Be5 10. Qh4 d6 11. O-O-O h6 12. f3 Be6 13. f4 Bxc3 14. Bxc3 Nd5
15. Qxd8 Raxd8 16. Bd2 Nf6 17. e4 Bd7 18. Rde1 Bc6 19. Bc3 Nxe4 20. Bxe4 Bxe4
21. Re2 f6 22. Bb2 d5 23. Rhe1 Kf7 24. g3 Bf3 25. Rxe8 Rxe8 26. Rxe8 Kxe8 27.
Kd2 b6 28. Ke3 Bg2 29. Ba3 Be4 30. Kd2 a5 31. Bb2 Bf5 32. a3 Kd7 33. b4 a4 34.
Bd4 Kc6 35. Kc3 Kb5 36. Bg1 c5 37. bxc5 bxc5 38. Bf2 d4+ 39. Kd2 Kc4 40. Bg1 h5
41. Bf2 Kd5 42. Be1 Ke4 43. Ke2 Bg4+ 44. Kf2 Bd1 45. c3 Kd3 46. cxd4 c4 47. Bb4
c3 48. Ke1 Bg4 49. h3 c2 50. Bd2 Bxh3 51. Bc1 Kxd4 52. Kd2 Bf5 53. Bb2+ Kc4 54.
Kc1 Kd3 0-1

[Event "St Louis Inv IM 2017"]
[Site "Saint Louis USA"]
[Date "2017.11.21"]
[Round "8.4"]
[White "Arias Santana, Mauricio"]
[Black "Hua, Lefong"]
[Result "0-1"]
[WhiteTitle "IM"]
[BlackTitle "FM"]
[WhiteElo "2308"]
[BlackElo "2310"]
[WhiteFideId "6500366"]
[BlackFideId "2602253"]
[EventDate "2017.11.17"]

1. d4 Nf6 2. Nc3 d5 3. Bf4 g6 4. Nb5 Na6 5. e3 Bg7 6. Nf3 c6 7. Nc3 Nc7 8. Be2
O-O 9. h4 h6 10. Ne5 Nd7 11. Nxd7 Bxd7 12. Qd2 Ne6 13. Be5 f6 14. Bh2 b5 15. g4
Be8 16. f4 f5 17. gxf5 gxf5 18. Bf3 Kh8 19. Nd1 Bf7 20. h5 c5 21. c3 b4 22. Bg3
bxc3 23. bxc3 Rb8 24. Bh4 cxd4 25. cxd4 Nc5 26. Nf2 Ne4 27. Nxe4 dxe4 28. Be2
Rg8 29. Kf2 Qd7 30. Rhd1 Qe8 31. Rab1 Rxb1 32. Rxb1 Bxh5 33. Rb7 Bxe2 34. Qxe2
Qg6 35. Qf1 Rc8 36. Qd1 Bf6 37. Bxf6+ Qxf6 38. Qh5 Rc2+ 39. Ke1 Qc6 40. Rb3 Rxa2
41. Qd1 Qg6 0-1

[Event "St Louis Inv IM 2017"]
[Site "Saint Louis USA"]
[Date "2017.11.21"]
[Round "8.5"]
[White "Wang, Justin"]
[Black "Wang, Annie"]
[Result "1-0"]
[BlackTitle "WIM"]
[WhiteElo "2254"]
[BlackElo "2295"]
[WhiteFideId "30911370"]
[BlackFideId "2053900"]
[EventDate "2017.11.17"]

1. e4 e6 2. d4 d5 3. Nd2 c5 4. exd5 Qxd5 5. dxc5 Bxc5 6. Ngf3 Nf6 7. Bc4 Qd8 8.
Qe2 O-O 9. O-O a6 10. Ne4 Be7 11. Nxf6+ Bxf6 12. Bd3 Nd7 13. c3 Nc5 14. Bc2 Bd7
15. Rd1 Qc7 16. Ng5 g6 17. Qf3 Bg7 18. Bf4 e5 19. Be3 Ne6 20. Bb3 Nxg5 21. Bxg5
Bc6 22. Qg3 b5 23. Rd3 a5 24. a3 Qb7 25. Ba2 Be4 26. Re3 Qc6 27. Rae1 Bf5 28.
Qh4 Qd7 29. Bf6 Rfe8 30. h3 Qd6 31. Bxg7 Kxg7 32. g4 Bc2 33. R3e2 Bd3 34. Rd2 e4
35. Qg5 b4 36. cxb4 axb4 37. Qd5 Qf6 38. axb4 Red8 39. Qb3 Rxa2 40. Qxa2 Bb1 41.
Rxb1 Rxd2 42. Qa7 Rd3 43. Re1 Qf3 44. Qc5 e3 45. Qe5+ f6 46. Qe7+ Kg8 47. Rxe3
Rd1+ 48. Re1 Rxe1+ 49. Qxe1 Qxh3 50. Qe6+ Kg7 51. b5 Qf3 52. b6 f5 53. Qe5+ Kf7
54. Qc7+ Kf6 55. Qc3+ 1-0

[Event "St Louis Inv IM 2017"]
[Site "Saint Louis USA"]
[Date "2017.11.22"]
[Round "9.1"]
[White "Wang, Annie"]
[Black "Larson, Matthew"]
[Result "1/2-1/2"]
[WhiteTitle "WIM"]
[BlackTitle "FM"]
[WhiteElo "2295"]
[BlackElo "2392"]
[WhiteFideId "2053900"]
[BlackFideId "2077990"]
[EventDate "2017.11.17"]
[EventType "tourn"]

1. d4 Nf6 2. c4 c5 3. d5 b5 4. cxb5 a6 5. bxa6 g6 6. Nc3 Bg7 7. e4 O-O 8. a7
Rxa7 9. Nf3 e6 10. Be2 exd5 11. exd5 d6 12. O-O Na6 13. Nb5 Rd7 14. Bg5 Bb7 15.
Bc4 Qa8 16. Bxf6 Bxf6 17. Qd2 Bg7 18. Rad1 Nc7 19. Rfe1 Rb8 20. Nxc7 Rxc7 21.
Qe2 Bf6 22. Rd2 Qa4 23. Qd3 Kg7 24. Re4 Bc8 25. Qe2 Bf5 26. Re3 Rcb7 27. b3 Qa3
28. Qe1 Bd7 29. Rc2 Bf5 30. Rce2 Ra7 31. h3 Bd7 32. Re4 Bb5 33. Bxb5 Rxb5 34.
Rf4 Qa5 35. b4 Qd8 36. Re8 Re7 37. Qxe7 Qxe7 38. Rxe7 Bxe7 39. bxc5 dxc5 40. Re4
Bd6 41. g3 Rb1+ 42. Kg2 Rd1 43. a4 Rxd5 44. a5 c4 45. Rxc4 Rxa5 46. Nd4 Ra2 47.
Rc2 Ra4 48. Ne2 h5 49. h4 Be5 50. Ng1 Bf6 51. Ne2 Ra1 52. Nf4 Be5 53. Nd3 Bf6 1/2-1/2

[Event "St Louis Inv IM 2017"]
[Site "Saint Louis USA"]
[Date "2017.11.22"]
[Round "9.2"]
[White "Hua, Lefong"]
[Black "Wang, Justin"]
[Result "1/2-1/2"]
[WhiteTitle "FM"]
[WhiteElo "2310"]
[BlackElo "2254"]
[WhiteFideId "2602253"]
[BlackFideId "30911370"]
[EventDate "2017.11.17"]
[EventType "tourn"]

1. d4 Nf6 2. c4 c5 3. d5 b5 4. Qc2 b4 5. e4 d6 6. f4 g6 7. Nf3 Bg7 8. Bd3 O-O 9.
O-O Bg4 10. Nbd2 Nh5 11. h3 Bd7 12. Ne1 Bh6 13. Nb3 a5 14. Bd2 a4 15. Nc1 e5 16.
fxe5 Bxd2 17. Qxd2 dxe5 18. Qe3 Qe7 19. Be2 Ng7 20. Ncd3 Na6 21. Nf3 f6 22. Rae1
Ne8 23. Nd2 Rc8 24. Qg3 Nd6 25. Bg4 Nb8 26. Bxd7 Nxd7 27. Qh4 Rf7 28. Re2 Nb6
29. Rc1 Qb7 30. Qf2 Nd7 31. Kh2 Qc7 32. Kg1 Qb7 33. Kh2 Qc7 34. Kg1 Qb7 1/2-1/2

[Event "St Louis Inv IM 2017"]
[Site "Saint Louis USA"]
[Date "2017.11.22"]
[Round "9.3"]
[White "Torres Rosas, Luis Carlos"]
[Black "Arias Santana, Mauricio"]
[Result "1/2-1/2"]
[WhiteTitle "IM"]
[BlackTitle "IM"]
[WhiteElo "2353"]
[BlackElo "2308"]
[WhiteFideId "5111080"]
[BlackFideId "6500366"]
[EventDate "2017.11.17"]
[EventType "tourn"]

1. d4 Nf6 2. c4 e6 3. Nc3 Bb4 4. Nf3 c5 5. g3 cxd4 6. Nxd4 O-O 7. Bg2 d5 8. cxd5
Nxd5 9. Qb3 Qa5 10. Bxd5 exd5 11. Be3 Bh3 12. g4 Bxg4 13. Rg1 Bh5 14. Rg5 Bg6
15. h4 Na6 16. Rc1 Rfd8 17. h5 h6 18. hxg6 hxg5 19. gxf7+ Kxf7 20. a3 Bxc3+ 21.
Rxc3 Rac8 22. Qc2 Rxc3 1/2-1/2